| 000 | 00593nam a22001817a 4500 | ||
|---|---|---|---|
| 005 | 20251108173102.0 | ||
| 008 | 250721s2005 xx 000 0 ara d | ||
| 082 | 1 | 4 | _a216.23/كنع |
| 100 | 1 | _aكنعان، خيرية | |
| 245 | 1 | 0 | _aليلة القدر حقائق و أسرار / |
| 246 | 1 | 1 | _aTHE NIGHT OF GRACE |
| 264 | 1 |
_aعمان : _bالمؤلفة، _c2005. |
|
| 300 | _a33ص. | ||
| 500 | _aالكتاب يحتوي على حقائق ليلة القدر باللغة العربية و الإنجليزية | ||
| 650 | 1 | 7 | _aليلة القدر |
| 942 |
_2ddc _cBK |
||
| 999 |
_c95716 _d95716 |
||